000 00439nam a2200169Ia 4500
001 24722
003 IN-NITTTR
005 20251114233315.0
008 251113s9999||||xx |||||||||||||| ||eng||
040 _beng
040 _cIN-NITTTR
041 _aeng
082 _a333.79 C76T
100 _aConfederation Of Indian Industry,
245 0 _aTraining programme on energy management. /
_cConfederation Of Indian Industry
942 _2ddc
_cBK
999 _c27351
_d27351